Estudio económico de la ANEP para reajuste salarial de enero 83 a junio 83

Збережено в:
Бібліографічні деталі
Співавтор: Asociación Nacional de Empleados Públicos (Costa Rica)
Формат: Текст
Опубліковано: San José: La Asociación
Теги: Додати тег
Немає тегів, Будьте першим, хто поставить тег для цього запису!

MARC

LEADER 00000 a a2200000 04500
001 14216
003
040
090 |a 027300  
110 |a Asociación Nacional de Empleados Públicos (Costa Rica)  
245 |a Estudio económico de la ANEP para reajuste salarial de enero 83 a junio 83  
260 |a San José:   |b La Asociación  
300 |a 6 p.  
999 |c 14748  |d 14748